01021cam a2200289 a 450000100060000000300100000600500170001600700030003300800410003602000150007704000120009204100140010408200260011810000270014424501730017125000450034430000350038933600270042433700330045133800280048450400390051253400410055165000500059270000170064270000390065970000330069860345CO-BoRNBP20260123193938.0ta981104s1996 mx a r 00110 spa d a9688807222 ala cla1 aspa heng04a658.5 bR25p 220 ed.1 aRender, Barry, d1946-10aPrincipios de administración de operaciones / cBarry Render, Jay Heizer ; traducción Juan Purón Mier y Terán ; revisión técnica Ángel Fernández Gamero. aEditor Luis Gerardo Cedeño Plascencia. axvi, 624 p. : bil. ; c27 cm. 2rdacontentatextobtxt 2rdamediaasin mediaciónbn 2rdacarrieravolumenbnc aIncluye bibliografía e índice. tPrinciples of operations management. 7aAdministración de la producción.2BLAAUTO1 aHeizer, Jay.1 aPurón Mier y Terán, Juan,etr.1 aFernández Gamero, Ángel.